Arquitectura y urbanismo virreinal

Uloženo v:
Podrobná bibliografie
Hlavní autor: Peraza Guzmán, Marco Tulio (Autor)
Médium: Kniha
Jazyk:španělština
Vydáno: Mérida Universidad Autónoma de Yucatán 2000
Témata:
Tagy: Přidat tag
Žádné tagy, Buďte první, kdo vytvoří štítek k tomuto záznamu!

MARC

LEADER 00000nam a2200000 a 4500
001 UCH0854
003 CL-VaPUC
008 090402e20000000MX |||||||||||||||||spa|d
020 |a 9706980075 
082 0 4 |a 711.4  |b PER  |2 21 
100 0 |a Peraza Guzmán, Marco Tulio  |e author  |9 535186 
245 1 0 |a Arquitectura y urbanismo virreinal 
300 |a 257 p 
942 |c BK 
945 |d 20090402 00:00:00  |a rbrito 
260 |a Mérida  |b Universidad Autónoma de Yucatán  |c 2000 
650 0 |a Planificación urbana   |9 258176 
650 0 |a Urbanismo  |9 255208 
650 0 |a Arquitectura   |v Historia   |9 265705 
650 0 |a Virreinatos  |9 445304 
650 0 |a Urbanización   |9 265706 
651 0 |a México  |9 255269 
651 7 |a YUCATAN  |2 CL-VaPUC  |9 368771 
583 |a last modification  |c 20140403 06:18:03  |k Rodrigo Vera 
999 |c 333053  |d 333051 
952 |0 0  |1 0  |4 0  |6 711_400000000000000_PER_2000  |7 0  |8 A  |9 421193  |a BIBARQ  |b BIBARQ  |d 2019-11-22  |i 4529308  |o 711.4 PER 2000  |p 4529308  |r 2025-01-20  |w 2019-11-22  |y BK  |k ARQ